Score 0/165 Timer 20:00
0 Plays Today
Sex Name % Correct
FOlive
96.8%
FOlivia
96.7%
MOliver
95.7%
FOllie
88.9%
MOllie
88.9%
MOscar
88.8%
FOscar
88.8%
FOma
86.3%
MOwen
81.1%
FOra
77.5%
MOra
77.5%
MOmar
74.7%
FOla
74.6%
FOna
71.1%
MOtto
66.9%
MOzzie
64.4%
FOzzie
64.4%
MOle
64.1%
FOphelia
64%
FOpal
59.1%
MOva
58.9%
FOva
58.9%
MOtis
57.7%
FOtis
57.7%
FOlga
56.6%
MOswald
55.9%
MOren
55.8%
MOrlan
54.7%
MOrvil
54.3%
MOrville
54.2%
MOssie
53.4%
FOssie
53.4%
FOk
53.4%
MOrin
51.9%
MOrlando
51.6%
MOrland
50.6%
FOdette
50.2%
MOdie
50.2%
MOran
50.1%
MOlin
48%
MOlen
45.6%
MOrson
44.8%
MOpie
44.6%
MOlivier
44.3%
MObie
42.8%
MOlan
41.9%
MOdell
40.9%
FOdell
40.9%
MOmer
39.6%
FOfelia
38.4%
MOrrin
38.4%
MOdes
37.9%
FOdetta
37.5%
FOctavia
37.4%
MOrie
37.4%
Sex Name % Correct
MOgden
36.5%
MOthello
36.4%
FOdessa
36.3%
MOral
35.4%
FOliva
35.1%
MOrren
35%
MOlson
29.9%
MOrrie
29.6%
FOlia
29.5%
MOttie
29.5%
FOrlanda
29.4%
MOrlanda
29.4%
FOnie
29.1%
MOnie
29.1%
MOlaf
28.9%
MOctavio
27.6%
FOlena
26.4%
MOswaldo
25.8%
FOnnie
25.8%
MOnnie
25.8%
MOttis
25.4%
MOvid
25%
MOakley
23.9%
MOrman
23.6%
MOrlin
23.4%
FOdelia
22.9%
FOlean
22.5%
MOrange
21.6%
MOdis
21.3%
MObadiah
21.2%
MOsvaldo
19.8%
MObed
19.2%
MOsie
19.2%
FOrlean
19.2%
MOneil
18.9%
MOrvel
18.4%
FOzie
17.6%
MOzie
17.6%
MOrvin
17.1%
MOneal
16.7%
MOris
16.2%
FOlympia
16.1%
MOsborne
15.8%
FOrpha
14.9%
MOrval
14.8%
FOlene
14.8%
MOtha
14.2%
FOtha
14.2%
FOksana
14.2%
FOneida
13.9%
FOlivette
13.3%
MOland
13.3%
FOmega
12.9%
FOrelia
12.1%
FOlinda
11.9%
Sex Name % Correct
MObey
11.9%
MOrris
11.9%
MOkey
11.7%
MOlden
11.5%
FOthella
10.7%
MOcie
10.5%
MOtho
10.5%
FOcie
10.5%
FOnita
10.3%
FOnetta
10.2%
FOleta
10%
FOralia
9.8%
FOrlena
9.7%
FOlevia
9.5%
MOrvis
9.2%
MOllis
9.2%
MOley
8.3%
MOwens
7.9%
MOrest
7.3%
MObert
7%
MOzell
6.8%
FOneta
6.8%
FOzell
6.8%
FOvetta
6.6%
FOuida
6.3%
FOzella
6.3%
FOneda
6.3%
FOdilia
6.1%
MObra
6.1%
MOreste
6.1%
FOrlinda
6%
FOletha
6%
FOvida
5.6%
FOtilia
5.5%
MOrbie
5%
FOretha
4.9%
MOctaviano
4.5%
FOfilia
3.4%
FOtelia
3.2%
FOveta
2.4%
FOtila
2.4%
FOdessia
2.3%
MOverton
2.2%
MOsbaldo
2%
MOvidio
1.7%
FOneita
1.4%
MOdus
1.3%
FOnetha
1.3%
FOlha
1%
FOrtencia
0.8%
FObdulia
0.8%
MOnofre
0.6%
MOleh
0.5%
MOnesimo
0.3%
FOrfelinda
0.1%
Remove Ads.
Support Sporcle.
Get the best of Sporcle when you Go Orange. This ad-free experience offers more features, more stats, and more fun while also helping to support Sporcle. Thank you for becoming a member.

You're not logged in!

Compare scores with friends on all Sporcle quizzes.
OR
Log In

Show Comments

Extras

Top Quizzes Today


Score Distribution

Your Account Isn't Verified!

In order to create a playlist on Sporcle, you need to verify the email address you used during registration. Go to your Sporcle Settings to finish the process.

Report this User

Report this user for behavior that violates our Community Guidelines.

Details: